[Event "DVM U20 2023"]
[Site "Magdeburg GER"]
[Date "2023.12.27"]
[Round "1"]
[White "Sayouf, Rafif"]
[Black "Klugstedt, Vincent"]
[Result "0-1"]
[Termination "normal"]
[Board "3.5"]
[WhiteElo "1346"]
[BlackElo "1984"]
[WhiteClock "00:33:04"]
[BlackClock "01:05:01"]
[WhiteTeam "USG Chemnitz"]
[BlackTeam "SK Münster 32"]
[PlyCount "116"]
[WhiteFideId "34630333"]
[BlackFideId "16216393"]
[EventCountry "GER"]
[EventRounds "7"]
[EventType "team-swiss"]
[EventDate "2023.12.26"]

1. e4 {[%clk 01:30:57]} {[%emt 00:00:03]} c5 {[%clk 01:30:47]} {[%emt
00:00:12]} 2. Nf3 {[%clk 01:31:16]} {[%emt 00:00:11]} g6 {[%clk 01:30:50]}
{[%emt 00:00:27]} 3. d4 {[%clk 01:31:14]} {[%emt 00:00:33]} cxd4 {[%clk
01:31:12]} {[%emt 00:00:09]} 4. Nxd4 {[%clk 01:31:38]} {[%emt 00:00:05]} Nc6
{[%clk 01:31:34]} {[%emt 00:00:09]} 5. Nc3 {[%clk 01:32:00]} {[%emt 00:00:08]}
Bg7 {[%clk 01:31:51]} {[%emt 00:00:12]} 6. Be3 {[%clk 01:32:05]} {[%emt
00:00:25]} Nf6 {[%clk 01:32:11]} {[%emt 00:00:11]} 7. Be2 {[%clk 01:32:12]}
{[%emt 00:00:23]} O-O {[%clk 01:32:33]} {[%emt 00:00:09]} 8. O-O {[%clk
01:32:33]} {[%emt 00:00:09]} d5 {[%clk 01:32:54]} {[%emt 00:00:08]} 9. exd5
{[%clk 01:25:32]} {[%emt 00:07:31]} Nxd5 {[%clk 01:32:50]} {[%emt 00:00:35]}
10. Nxc6 {[%clk 01:22:22]} {[%emt 00:03:40]} bxc6 {[%clk 01:32:50]} {[%emt
00:00:30]} 11. Nxd5 {[%clk 01:22:36]} {[%emt 00:00:15]} cxd5 {[%clk 01:32:34]}
{[%emt 00:00:46]} 12. Bd4 {[%clk 01:22:24]} {[%emt 00:00:43]} e5 {[%clk
01:32:01]} {[%emt 00:01:02]} 13. Bc5 {[%clk 01:20:31]} {[%emt 00:02:24]} Re8
{[%clk 01:32:19]} {[%emt 00:00:11]} 14. Bb5 {[%clk 01:20:08]} {[%emt 00:00:55]}
Bd7 {[%clk 01:29:20]} {[%emt 00:03:28]} 15. Bxd7 {[%clk 01:15:24]} {[%emt
00:05:14]} Qxd7 {[%clk 01:29:34]} {[%emt 00:00:17]} 16. Qd2 {[%clk 01:14:40]}
{[%emt 00:01:13]} Rac8 {[%clk 01:19:53]} {[%emt 00:10:11]} 17. b4 {[%clk
01:12:48]} {[%emt 00:02:22]} d4 {[%clk 01:15:51]} {[%emt 00:04:31]} 18. c3
{[%clk 01:10:39]} {[%emt 00:02:39]} d3 {[%clk 01:11:37]} {[%emt 00:04:45]} 19.
Rad1 {[%clk 01:09:54]} {[%emt 00:01:16]} e4 {[%clk 01:09:42]} {[%emt 00:02:25]}
20. Rfe1 {[%clk 01:08:48]} {[%emt 00:01:35]} Qd5 {[%clk 01:05:40]} {[%emt
00:04:30]} 21. f3 {[%clk 01:00:35]} {[%emt 00:08:46]} f5 {[%clk 00:59:14]}
{[%emt 00:06:56]} 22. fxe4 {[%clk 00:59:15]} {[%emt 00:01:49]} fxe4 {[%clk
00:59:08]} {[%emt 00:00:36]} 23. Rc1 {[%clk 00:44:27]} {[%emt 00:15:19]} Rxc5
{[%clk 00:58:19]} {[%emt 00:01:19]} 24. bxc5 {[%clk 00:43:47]} {[%emt
00:01:10]} e3 {[%clk 00:58:33]} {[%emt 00:00:15]} 25. Rxe3 {[%clk 00:31:31]}
{[%emt 00:12:46]} Qxc5 {[%clk 00:58:43]} {[%emt 00:00:20]} 26. Kf2 {[%clk
00:31:46]} {[%emt 00:00:15]} Rxe3 {[%clk 00:58:37]} {[%emt 00:00:37]} 27. Qxe3
{[%clk 00:31:20]} {[%emt 00:00:56]} Qxe3+ {[%clk 00:58:56]} {[%emt 00:00:12]}
28. Kxe3 {[%clk 00:31:42]} {[%emt 00:00:06]} Bh6+ {[%clk 00:59:11]} {[%emt
00:00:15]} 29. Kxd3 {[%clk 00:32:11]} {[%emt 00:00:01]} Bxc1 {[%clk 00:59:26]}
{[%emt 00:00:17]} 30. h3 {[%clk 00:32:29]} {[%emt 00:00:10]} Kf7 {[%clk
00:59:43]} {[%emt 00:00:12]} 31. Ke4 {[%clk 00:32:48]} {[%emt 00:00:12]} Ke6
{[%clk 00:59:40]} {[%emt 00:00:33]} 32. c4 {[%clk 00:33:03]} {[%emt 00:00:17]}
Kd6 {[%clk 00:59:45]} {[%emt 00:00:24]} 33. g4 {[%clk 00:32:48]} {[%emt
00:00:45]} Kc5 {[%clk 00:59:31]} {[%emt 00:00:44]} 34. Kd3 {[%clk 00:32:17]}
{[%emt 00:01:01]} a5 {[%clk 00:58:17]} {[%emt 00:01:44]} 35. Kc3 {[%clk
00:31:52]} {[%emt 00:00:56]} a4 {[%clk 00:58:21]} {[%emt 00:00:26]} 36. Kc2
{[%clk 00:30:01]} {[%emt 00:02:21]} Bg5 {[%clk 00:58:43]} {[%emt 00:00:07]} 37.
Kc3 {[%clk 00:29:31]} {[%emt 00:01:01]} Bf6+ {[%clk 00:59:06]} {[%emt
00:00:07]} 38. Kd2 {[%clk 00:29:05]} {[%emt 00:00:55]} Kxc4 {[%clk 00:59:24]}
{[%emt 00:00:12]} 39. Kc2 {[%clk 00:28:59]} {[%emt 00:00:38]} Kb4 {[%clk
00:59:49]} {[%emt 00:00:05]} 40. Kc1 {[%clk 00:29:04]} {[%emt 00:00:25]} Ka3
{[%clk 01:00:09]} {[%emt 00:00:09]} 41. Kb1 {[%clk 00:29:21]} {[%emt 00:00:13]}
Be5 {[%clk 01:00:30]} {[%emt 00:00:09]} 42. h4 {[%clk 00:28:28]} {[%emt
00:01:23]} h5 {[%clk 01:00:54]} {[%emt 00:00:06]} 43. g5 {[%clk 00:28:17]}
{[%emt 00:00:40]} Bg3 {[%clk 01:01:18]} {[%emt 00:00:07]} 44. Ka1 {[%clk
00:28:05]} {[%emt 00:00:43]} Bxh4 {[%clk 01:01:40]} {[%emt 00:00:08]} 45. Kb1
{[%clk 00:28:29]} {[%emt 00:00:05]} Bxg5 {[%clk 01:01:59]} {[%emt 00:00:11]}
46. Ka1 {[%clk 00:28:52]} {[%emt 00:00:09]} h4 {[%clk 01:02:19]} {[%emt
00:00:09]} 47. Kb1 {[%clk 00:29:15]} {[%emt 00:00:07]} h3 {[%clk 01:02:45]}
{[%emt 00:00:04]} 48. Kc2 {[%clk 00:29:38]} {[%emt 00:00:07]} h2 {[%clk
01:03:05]} {[%emt 00:00:09]} 49. Kd3 {[%clk 00:30:04]} {[%emt 00:00:04]} h1=Q
{[%clk 01:03:22]} {[%emt 00:00:15]} 50. Kd4 {[%clk 00:30:29]} {[%emt 00:00:04]}
Qf3 {[%clk 01:03:32]} {[%emt 00:00:20]} 51. Ke5 {[%clk 00:30:50]} {[%emt
00:00:08]} Qf4+ {[%clk 01:03:50]} {[%emt 00:00:14]} 52. Kd5 {[%clk 00:31:08]}
{[%emt 00:00:12]} Kb4 {[%clk 01:04:07]} {[%emt 00:00:12]} 53. a3+ {[%clk
00:31:26]} {[%emt 00:00:12]} Kb5 {[%clk 01:04:32]} {[%emt 00:00:04]} 54. Ke6
{[%clk 00:31:47]} {[%emt 00:00:09]} Qf5+ {[%clk 01:04:41]} {[%emt 00:00:21]}
55. Kd6 {[%clk 00:32:04]} {[%emt 00:00:13]} Bf4+ {[%clk 01:04:37]} {[%emt
00:00:35]} 56. Ke7 {[%clk 00:32:23]} {[%emt 00:00:10]} Kc6 {[%clk 01:04:36]}
{[%emt 00:00:30]} 57. Ke8 {[%clk 00:32:42]} {[%emt 00:00:13]} Bd6 {[%clk
01:04:39]} {[%emt 00:00:26]} 58. Kd8 {[%clk 00:33:04]} {[%emt 00:00:08]} Qd7#
{[%clk 01:05:01]} {[%emt 00:00:08]} 0-1

[Event "DVM U20 2023"]
[Site "Magdeburg GER"]
[Date "2023.12.27"]
[Round "1"]
[White "Kvantaliani, Saba"]
[Black "Finck, Jonathan"]
[Result "1-0"]
[Termination "normal"]
[Board "3.6"]
[WhiteElo "1963"]
[BlackElo "1520"]
[WhiteClock "01:30:30"]
[BlackClock "01:30:56"]
[WhiteTeam "SK Münster 32"]
[BlackTeam "USG Chemnitz"]
[PlyCount "61"]
[WhiteFideId "16284364"]
[BlackFideId "34630155"]
[EventCountry "GER"]
[EventRounds "7"]
[EventType "team-swiss"]
[EventDate "2023.12.26"]

1. e4 {[%clk 01:30:30]} e5 {[%clk 01:30:56]} 2. Nf3 {[%clk 01:30:30]} Nc6
{[%clk 01:30:56]} 3. Bc4 {[%clk 01:30:30]} Bc5 {[%clk 01:30:56]} 4. d3 {[%clk
01:30:30]} h6 {[%clk 01:30:56]} 5. O-O {[%clk 01:30:30]} Nf6 {[%clk 01:30:56]}
6. Re1 {[%clk 01:30:30]} d6 {[%clk 01:30:56]} 7. h3 {[%clk 01:30:30]} Be6
{[%clk 01:30:56]} 8. Bxe6 {[%clk 01:30:30]} fxe6 {[%clk 01:30:56]} 9. c3 {[%clk
01:30:30]} Qe7 {[%clk 01:30:56]} 10. a4 {[%clk 01:30:30]} a5 {[%clk 01:30:56]}
11. Na3 {[%clk 01:30:30]} d5 {[%clk 01:30:56]} 12. exd5 {[%clk 01:30:30]} exd5
{[%clk 01:30:56]} 13. d4 {[%clk 01:30:30]} Bxa3 {[%clk 01:30:56]} 14. Nxe5
{[%clk 01:30:30]} Nxe5 {[%clk 01:30:56]} 15. Rxe5 {[%clk 01:30:30]} O-O {[%clk
01:30:56]} 16. Rxe7 {[%clk 01:30:30]} Bxe7 {[%clk 01:30:56]} 17. Qe2 {[%clk
01:30:30]} Bd6 {[%clk 01:30:56]} 18. Be3 {[%clk 01:30:30]} Rae8 {[%clk
01:30:56]} 19. b4 {[%clk 01:30:30]} axb4 {[%clk 01:30:56]} 20. cxb4 {[%clk
01:30:30]} c6 {[%clk 01:30:56]} 21. b5 {[%clk 01:30:30]} c5 {[%clk 01:30:56]}
22. dxc5 {[%clk 01:30:30]} Bxc5 {[%clk 01:30:56]} 23. a5 {[%clk 01:30:30]} Bxe3
{[%clk 01:30:56]} 24. fxe3 {[%clk 01:30:30]} Ra8 {[%clk 01:30:56]} 25. Qd3
{[%clk 01:30:30]} Rfd8 {[%clk 01:30:56]} 26. Rc1 {[%clk 01:30:30]} Rxa5 {[%clk
01:30:56]} 27. Rc7 {[%clk 01:30:30]} Raa8 {[%clk 01:30:56]} 28. Qg6 {[%clk
01:30:30]} Rd7 {[%clk 01:30:56]} 29. Rxd7 {[%clk 01:30:30]} Nxd7 {[%clk
01:30:56]} 30. Qe6+ {[%clk 01:30:30]} Kf8 {[%clk 01:30:56]} 31. Qxd7 {[%clk
01:30:30]} 1-0

[Event "DVM U20 2023"]
[Site "Magdeburg GER"]
[Date "2023.12.27"]
[Round "1"]
[White "Dauner, Benedikt"]
[Black "Helmsdorf, Marius"]
[Result "1-0"]
[Termination "normal"]
[Board "4.1"]
[WhiteTitle "FM"]
[WhiteElo "2390"]
[BlackElo "1891"]
[WhiteClock "00:11:13"]
[BlackClock "00:06:00"]
[WhiteTeam "Karlsruher SF 1853"]
[BlackTeam "ESV Gera"]
[PlyCount "52"]
[WhiteFideId "16225899"]
[BlackFideId "16274873"]
[EventCountry "GER"]
[EventRounds "7"]
[EventType "team-swiss"]
[EventDate "2023.12.26"]

1. e4 {[%clk 01:30:41]} {[%emt 00:00:18]} e6 {[%clk 01:30:55]} {[%emt
00:00:07]} 2. c3 {[%clk 01:30:21]} {[%emt 00:00:50]} d5 {[%clk 01:30:48]}
{[%emt 00:00:37]} 3. e5 {[%clk 01:30:32]} {[%emt 00:00:18]} c5 {[%clk
01:31:09]} {[%emt 00:00:10]} 4. Nf3 {[%clk 01:30:44]} {[%emt 00:00:17]} Nc6
{[%clk 01:30:59]} {[%emt 00:00:42]} 5. a3 {[%clk 01:30:04]} {[%emt 00:01:10]}
Bd7 {[%clk 01:23:23]} {[%emt 00:08:05]} 6. b4 {[%clk 01:26:55]} {[%emt
00:03:38]} c4 {[%clk 01:22:42]} {[%emt 00:01:12]} 7. d4 {[%clk 01:23:06]}
{[%emt 00:04:19]} cxd3 {[%clk 01:20:31]} {[%emt 00:02:42]} 8. Bxd3 {[%clk
01:23:18]} {[%emt 00:00:16]} Be7 {[%clk 01:01:07]} {[%emt 00:19:54]} 9. O-O
{[%clk 01:21:18]} {[%emt 00:02:30]} f6 {[%clk 00:59:09]} {[%emt 00:02:29]} 10.
c4 {[%clk 00:55:51]} {[%emt 00:25:57]} fxe5 {[%clk 00:45:47]} {[%emt 00:13:52]}
11. cxd5 {[%clk 00:45:49]} {[%emt 00:10:32]} exd5 {[%clk 00:45:38]} {[%emt
00:00:39]} 12. b5 {[%clk 00:46:00]} {[%emt 00:00:19]} e4 {[%clk 00:41:50]}
{[%emt 00:04:19]} 13. bxc6 {[%clk 00:45:14]} {[%emt 00:01:16]} bxc6 {[%clk
00:32:54]} {[%emt 00:09:26]} 14. Ne5 {[%clk 00:22:44]} {[%emt 00:22:59]} Bf6
{[%clk 00:30:23]} {[%emt 00:03:01]} 15. Bf4 {[%clk 00:23:01]} {[%emt 00:00:12]}
exd3 {[%clk 00:30:12]} {[%emt 00:00:42]} 16. Re1 {[%clk 00:22:40]} {[%emt
00:00:49]} Ne7 {[%clk 00:28:46]} {[%emt 00:01:57]} 17. Qh5+ {[%clk 00:18:13]}
{[%emt 00:04:56]} g6 {[%clk 00:29:05]} {[%emt 00:00:10]} 18. Nxg6 {[%clk
00:18:22]} {[%emt 00:00:22]} Bg4 {[%clk 00:18:30]} {[%emt 00:11:05]} 19. Qxg4
{[%clk 00:18:46]} {[%emt 00:00:05]} Rg8 {[%clk 00:18:57]} {[%emt 00:00:04]} 20.
Ra2 {[%clk 00:18:25]} {[%emt 00:00:51]} Rxg6 {[%clk 00:18:07]} {[%emt
00:01:21]} 21. Qh3 {[%clk 00:17:09]} {[%emt 00:01:45]} Qd7 {[%clk 00:16:43]}
{[%emt 00:01:55]} 22. Qxd3 {[%clk 00:16:30]} {[%emt 00:01:08]} Kf7 {[%clk
00:12:50]} {[%emt 00:04:22]} 23. Nd2 {[%clk 00:16:16]} {[%emt 00:00:44]} c5
{[%clk 00:11:33]} {[%emt 00:01:48]} 24. Nc4 {[%clk 00:11:28]} {[%emt 00:05:19]}
Nc6 {[%clk 00:06:26]} {[%emt 00:05:36]} 25. Nd6+ {[%clk 00:11:02]} {[%emt
00:00:57]} Kg7 {[%clk 00:06:00]} {[%emt 00:00:56]} 26. Qxd5 {[%clk 00:11:13]}
{[%emt 00:00:18]} Rxg2+ {[%emt 00:05:17]} 1-0

[Event "DVM U20 2023"]
[Site "Magdeburg GER"]
[Date "2023.12.27"]
[Round "1"]
[White "Liebold, Aaron"]
[Black "Fidlin, Simon"]
[Result "1-0"]
[Termination "normal"]
[Board "4.2"]
[WhiteElo "2037"]
[BlackElo "2122"]
[WhiteClock "00:09:12"]
[BlackClock "00:07:32"]
[WhiteTeam "ESV Gera"]
[BlackTeam "Karlsruher SF 1853"]
[PlyCount "115"]
[WhiteFideId "12997846"]
[BlackFideId "16217535"]
[EventCountry "GER"]
[EventRounds "7"]
[EventType "team-swiss"]
[EventDate "2023.12.26"]

1. e4 {[%clk 01:30:57]} {[%emt 00:00:02]} c6 {[%clk 01:29:58]} {[%emt
00:01:03]} 2. Nc3 {[%clk 01:31:21]} {[%emt 00:00:05]} d5 {[%clk 01:30:23]}
{[%emt 00:00:05]} 3. Nf3 {[%clk 01:31:47]} {[%emt 00:00:05]} Bg4 {[%clk
01:29:11]} {[%emt 00:01:41]} 4. h3 {[%clk 01:32:11]} {[%emt 00:00:06]} Bxf3
{[%clk 01:29:36]} {[%emt 00:00:05]} 5. Qxf3 {[%clk 01:32:36]} {[%emt 00:00:05]}
e6 {[%clk 01:29:59]} {[%emt 00:00:08]} 6. d3 {[%clk 01:30:26]} {[%emt
00:02:40]} Bc5 {[%clk 01:26:06]} {[%emt 00:04:22]} 7. Bd2 {[%clk 01:29:09]}
{[%emt 00:01:47]} Ne7 {[%clk 01:25:05]} {[%emt 00:01:31]} 8. h4 {[%clk
01:20:01]} {[%emt 00:09:39]} Nd7 {[%clk 01:23:53]} {[%emt 00:01:41]} 9. Be2
{[%clk 01:14:33]} {[%emt 00:05:57]} O-O {[%clk 01:21:21]} {[%emt 00:03:02]} 10.
O-O {[%clk 01:10:02]} {[%emt 00:05:02]} f5 {[%clk 01:14:43]} {[%emt 00:07:07]}
11. exd5 {[%clk 01:01:39]} {[%emt 00:08:53]} cxd5 {[%clk 01:11:05]} {[%emt
00:04:09]} 12. Rae1 {[%clk 00:58:28]} {[%emt 00:03:41]} Ne5 {[%clk 01:07:37]}
{[%emt 00:03:59]} 13. Qh3 {[%clk 00:55:29]} {[%emt 00:03:28]} N5c6 {[%clk
01:04:46]} {[%emt 00:03:21]} 14. Bd1 {[%clk 00:44:41]} {[%emt 00:11:16]} Qd6
{[%clk 00:54:51]} {[%emt 00:10:25]} 15. Na4 {[%clk 00:35:58]} {[%emt 00:09:13]}
Bd4 {[%clk 00:53:58]} {[%emt 00:01:23]} 16. c3 {[%clk 00:36:20]} {[%emt
00:00:08]} Bf6 {[%clk 00:54:09]} {[%emt 00:00:18]} 17. d4 {[%clk 00:36:19]}
{[%emt 00:00:31]} e5 {[%clk 00:51:27]} {[%emt 00:03:12]} 18. dxe5 {[%clk
00:20:12]} {[%emt 00:16:36]} Nxe5 {[%clk 00:51:09]} {[%emt 00:00:49]} 19. b3
{[%clk 00:19:10]} {[%emt 00:01:33]} Rae8 {[%clk 00:41:34]} {[%emt 00:10:04]}
20. Nb2 {[%clk 00:17:03]} {[%emt 00:02:37]} N7c6 {[%clk 00:39:54]} {[%emt
00:02:10]} 21. Nd3 {[%clk 00:13:54]} {[%emt 00:03:39]} Nxd3 {[%clk 00:39:32]}
{[%emt 00:00:52]} 22. Qxd3 {[%clk 00:13:16]} {[%emt 00:01:08]} Re4 {[%clk
00:39:04]} {[%emt 00:00:57]} 23. Qg3 {[%clk 00:10:47]} {[%emt 00:02:58]} f4
{[%clk 00:27:40]} {[%emt 00:11:56]} 24. Qh3 {[%clk 00:08:54]} {[%emt 00:02:23]}
Rfe8 {[%clk 00:25:52]} {[%emt 00:02:19]} 25. Bf3 {[%clk 00:06:51]} {[%emt
00:02:32]} R4e7 {[%clk 00:24:36]} {[%emt 00:01:47]} 26. Qf5 {[%clk 00:06:12]}
{[%emt 00:01:09]} Ne5 {[%clk 00:23:40]} {[%emt 00:01:25]} 27. Bxf4 {[%clk
00:04:53]} {[%emt 00:01:51]} Nxf3+ 28. gxf3 {[%clk 00:05:22]} Qc6 {[%clk
00:23:07]} {[%emt 00:00:52]} 29. Rxe7 {[%clk 00:03:42]} {[%emt 00:02:10]} Rxe7
{[%clk 00:23:31]} {[%emt 00:00:06]} 30. Rd1 {[%clk 00:02:58]} {[%emt 00:01:14]}
Rd7 {[%clk 00:15:18]} {[%emt 00:08:42]} 31. c4 {[%clk 00:01:46]} {[%emt
00:01:43]} d4 {[%clk 00:14:48]} {[%emt 00:01:00]} 32. Bg5 {[%clk 00:01:39]}
{[%emt 00:00:38]} Bxg5 {[%clk 00:05:58]} {[%emt 00:09:18]} 33. hxg5 {[%clk
00:01:36]} {[%emt 00:00:33]} g6 {[%clk 00:05:12]} {[%emt 00:01:16]} 34. Qe4
{[%clk 00:01:16]} {[%emt 00:00:50]} Qd6 {[%clk 00:04:45]} {[%emt 00:00:58]} 35.
Rd3 {[%clk 00:00:55]} {[%emt 00:00:51]} b6 {[%clk 00:03:42]} {[%emt 00:01:32]}
36. Kg2 {[%clk 00:00:47]} {[%emt 00:00:39]} Kg7 {[%clk 00:03:26]} {[%emt
00:00:45]} 37. f4 {[%clk 00:00:53]} {[%emt 00:00:24]} Kg8 {[%clk 00:01:39]}
{[%emt 00:02:18]} 38. Kg3 {[%clk 00:00:51]} {[%emt 00:00:31]} Kg7 {[%clk
00:01:51]} {[%emt 00:00:18]} 39. Kg2 {[%clk 00:00:58]} {[%emt 00:00:23]} Kg8
{[%clk 00:02:11]} {[%emt 00:00:09]} 40. Kg3 {[%clk 00:01:25]} {[%emt 00:00:04]}
Kf7 {[%clk 00:01:48]} {[%emt 00:00:53]} 41. f3 {[%clk 00:22:22]} {[%emt
00:09:34]} Kf8 {[%clk 00:26:06]} {[%emt 00:06:11]} 42. Qe5 {[%clk 00:19:41]}
{[%emt 00:03:10]} Qa3 {[%clk 00:13:33]} {[%emt 00:13:03]} 43. Qh8+ {[%clk
00:15:00]} {[%emt 00:05:11]} Ke7 {[%clk 00:13:57]} {[%emt 00:00:07]} 44. Qf6+
{[%clk 00:12:09]} {[%emt 00:03:21]} Ke8 {[%clk 00:14:18]} {[%emt 00:00:09]} 45.
Rd1 {[%clk 00:12:10]} {[%emt 00:00:29]} d3 {[%clk 00:08:17]} {[%emt 00:06:30]}
46. Re1+ {[%clk 00:05:29]} {[%emt 00:07:12]} Re7 {[%clk 00:08:42]} {[%emt
00:00:05]} 47. Rxe7+ {[%clk 00:05:15]} {[%emt 00:00:44]} Qxe7 {[%clk 00:09:05]}
{[%emt 00:00:07]} 48. Qxe7+ {[%clk 00:05:42]} {[%emt 00:00:02]} Kxe7 {[%clk
00:09:29]} {[%emt 00:00:07]} 49. Kf2 {[%clk 00:06:10]} {[%emt 00:00:02]} Ke6
{[%clk 00:09:50]} {[%emt 00:00:08]} 50. Ke3 {[%clk 00:06:35]} {[%emt 00:00:05]}
Kf5 {[%clk 00:10:16]} {[%emt 00:00:04]} 51. b4 {[%clk 00:06:57]} {[%emt
00:00:09]} d2 {[%clk 00:09:35]} {[%emt 00:01:11]} 52. Kxd2 {[%clk 00:07:23]}
{[%emt 00:00:04]} Kxf4 {[%clk 00:09:59]} {[%emt 00:00:06]} 53. c5 {[%clk
00:07:51]} {[%emt 00:00:03]} Ke5 {[%clk 00:08:16]} {[%emt 00:02:11]} 54. Kc3
{[%clk 00:08:03]} {[%emt 00:00:18]} Kd5 {[%clk 00:07:38]} {[%emt 00:01:09]} 55.
cxb6 {[%clk 00:08:18]} {[%emt 00:00:16]} axb6 {[%clk 00:07:58]} {[%emt
00:00:09]} 56. a4 {[%clk 00:08:45]} {[%emt 00:00:02]} Kd6 {[%clk 00:07:30]}
{[%emt 00:00:59]} 57. Kd4 {[%clk 00:08:52]} {[%emt 00:00:23]} Kc6 {[%clk
00:07:32]} {[%emt 00:00:29]} 58. Ke5 {[%clk 00:09:12]} 1-0